|
|
|
|
| LEADER |
00982nam a22002297a 4500 |
| 001 |
AAL7516 |
| 003 |
BD-DhAAL |
| 005 |
20160323123705.0 |
| 008 |
160323s 2010bg a|||| |||| 00| 0 ben d |
| 020 |
|
|
|a 9789848457009
|
| 040 |
|
|
|a BD-DhAAL
|c BD-DhAAL
|
| 082 |
|
|
|a 915.49/25
|
| 245 |
|
|
|a বাংলাদেশ ভ্রমন সঙ্গী /
|c সংকলন ও সম্পাদনায়
|
| 260 |
|
|
|a ঢাকা :
|b ধ্রুপদ সাহিত্যাঙ্গন,
|c ২০১০
|
| 300 |
|
|
|a ৩৩১ পৃ. :
|b চিত্র ;
|c ২২ সে.মি.
|
| 541 |
|
|
|e 7516
|
| 651 |
|
|
|a Bangladesh
|x Description and travel.
|9 18764
|
| 700 |
|
|
|a জর্জ, ইফতেখার রসুল
|9 18765
|
| 852 |
|
|
|a Savar Campus Library
|c General Shelf
|
| 942 |
|
|
|2 ddc
|c BK
|
| 999 |
|
|
|c 37212
|d 37212
|
| 952 |
|
|
|0 0
|1 0
|2 ddc
|4 0
|6 915_490000000000000_25_BAN
|7 0
|9 58496
|a SCL
|b SCL
|c GEN
|d 2016-03-23
|g 350.00
|l 1
|o 915.4925 BAN
|p 3020007516
|r 2025-11-16
|s 2025-11-08
|t 1
|w 2016-03-23
|y BK
|